000 00670nam a2200217Ia 4500
005 20230828110607.0
008 131103s9999 xx 000 0 und d
040 _aLoreto College
041 _aEnglish
082 _a915.6
_bLON
100 _aLongrigg,Stephen H.
245 4 _aThe Middle east
_b a social geography
_cStephen H.Longrigg : incorporating new material by James Jankowski
250 _arev.ed.
260 _aLondon
_bGerald Duckworth & Co.
_c1970
300 _a291 p.
_b ill.,maps
504 _aIncludes bibliographical references and index
650 _aAsia (Middle East) - Geography
700 _aJankowski,James
850 _aLCLIB
942 _cBK
999 _c3563
_d54042